Loading...
| Fine Arts - Classical Music | 0 | 10 | 0 | 0 | 100 | 54 | 80.20 | 4 | 9 | 0.00 | 0.00 |
| Literature - American | 0 | 9 | 0 | 1 | 90 | 64 | 98.11 | 0 | 4 | 0.00 | 0.00 |
| Literature - British | 0 | 9 | 0 | 1 | 90 | 40 | 76.67 | 2 | 8 | 0.00 | 0.00 |
| Literature - World | 0 | 8 | 0 | 0 | 80 | 53 | 79.63 | 2 | 6 | 0.00 | 0.00 |
| Literature - European | 0 | 8 | 0 | 0 | 80 | 33 | 88.88 | 3 | 5 | 0.00 | 0.00 |
| Science - Chemistry | 0 | 8 | 1 | 0 | 75 | 26 | 54.88 | 6 | 8 | 0.00 | 0.00 |
| Mythology | 0 | 6 | 0 | 0 | 60 | 62 | 73.67 | 0 | 6 | 0.00 | 0.00 |
| Fine Arts - Other | 0 | 5 | 0 | 1 | 50 | 74 | 106.80 | 0 | 2 | 0.00 | 0.00 |
| History - Other | 0 | 4 | 0 | 0 | 40 | 40 | 74.75 | 1 | 3 | 0.00 | 0.00 |
| Religion | 0 | 4 | 0 | 1 | 40 | 81 | 94.00 | 0 | 1 | 0.00 | 0.00 |
| Science - Physics | 0 | 4 | 0 | 0 | 40 | 30 | 55.75 | 1 | 2 | 0.00 | 0.00 |
| Fine Arts - Painting and Sculpture | 0 | 4 | 1 | 1 | 35 | 71 | 91.25 | 2 | 3 | 0.00 | 0.00 |
| History - World | 0 | 2 | 0 | 0 | 20 | 66 | 95.00 | 0 | 0 | 0.00 | 0.00 |
| Social Science | 0 | 2 | 0 | 1 | 20 | 98 | 107.50 | 0 | 1 | 0.00 | 0.00 |
| Science - Biology | 0 | 1 | 0 | 0 | 10 | 72 | 72.00 | 0 | 1 | 0.00 | 0.00 |
| Science - Other | 0 | 1 | 0 | 0 | 10 | 71 | 71.00 | 0 | 1 | 0.00 | 0.00 |
| Philosophy | 0 | 1 | 0 | 0 | 10 | 120 | 120.00 | 0 | 0 | 0.00 | 0.00 |
| History - American | 0 | 0 | 0 | 0 | 0 | 0.00 | 0 | 0 | 0.00 | 0.00 |